Szczegóły MARC21

Everyman's English pronouncing dictionary : containing over 59.000 words in international phonetic transcription /

003 -Nazwa inst., której nr kontr. jest w polu 001 [,]
    • @
    • Nazwa instytucji, której n kontrolny jest w polu 001
    • NUKAT
005 -DATA I CZAS OSTATNIEJ MODYFIKACJI [,]
    • @
    • pole kontrolne
    • 20241231112356.0
020 -Międzynarod. znormalizowany nr książki - ISBN [ , ]
    • a
    • Numer ISBN
    • 0460030361 Find
040 -Instytucja sporządzająca opis [ , ]
    • a
    • Instytucja, która sporządziła opis (NP)
    • WA U/56BP
    • c
    • Instytucja, która sporządziła rekord (NP)
    • WA U/BPs
    • d
    • Instytucja, która zmodyfikowała rekord (P)
    • WA U/BP
942 -Rodzaj dokumentu [ , ]
    • c
    • Rodzaj dokumentu
    • Książka
100 -Hasło główne - nazwa osobowa [1, ]
    • a
    • Nazwa osobowa (NP)
    • Jones, Daniel
    • d
    • Daty biograficzne (NP)
    • (1881-1967).
    • 9
    • KHW
    • 238975
245 -Strefa tytułu i oznaczenia odpowiedzialności [1,0]
    • a
    • Tytuł
    • Everyman's English pronouncing dictionary : Find
    • b
    • Ciąg dalszy tytułu (NP)
    • containing over 59.000 words in international phonetic transcription / Find
    • c
    • Pozostałe elementy strefy tytułu i oznaczenia odpowiedzialności (NP)
    • originally comp. by Daniel Jones ; extensively rev. and ed. by A. C. Gimson ; with revisions and supplement by Susan Ramsaran.
246 -Wariant tytułu [1,4]
    • a
    • Tytuł (NP)
    • English pronouncing dictionary
250 -Strefa wydania [ , ]
    • a
    • Oznaczenie wydania (NP)
    • 14th ed., repr. (with corr.).
260 -Strefa adresu wydawniczego [ , ]
    • a
    • Miejsce wydania (P)
    • London :
    • b
    • Nazwa wydawcy (P)
    • J. M. Dent & Sons,
    • c
    • Data wydania (P)
    • 1989.
300 -Strefa opisu fizycznego [ , ]
    • a
    • Określenie formy książki i/lub objętość (NP)
    • XXXII, 576 s. ;
    • c
    • Format (NP)
    • 21 cm.
336 -Typ zawartości [ , ]
    • a
    • Termin opisujący typ zawartości
    • Tekst
    • b
    • Kod określający zawartość
    • txt
    • 2
    • Źródło (terminu i kodu)
    • rdacontent
337 -Typ mediów [ , ]
    • a
    • Tryb odtwarzania
    • Bez urządzenia pośredniczącego
    • b
    • Kod typu mediów
    • n
    • 2
    • Źródło (terminu i kodu)
    • rdamedia
338 -Typ/rodzaj nośnika [ , ]
    • a
    • Hasło opisujące typ nośnika
    • Wolumin
    • b
    • Kod typu nośnika
    • nc
    • 2
    • Źródło (terminu i kodu)
    • rdacarrier
490 -Strefa serii i książki wielotomowej - forma nie do wyszukiwania [1, ]
    • a
    • Tytuł (P)
    • Everyman Reference Find
830 -Hasło dodatkowe serii i opisu książki wielotomowej - tytuł ujednolicony/tytuł [ ,0]
    • a
    • Tytuł ujednolicony/tytuł (NP)
    • Everyman's Reference Library
    • 9
    • KHW
    • 441105
504 -Uwaga dot. bibliogr. załącznikowej [ , ]
    • a
    • Uwaga dot. bibliografii załącznikowej
    • Bibliogr. s. XXXII.
650 -Hasło przedmiotowe [ ,7]
    • a
    • Hasło przedmiotowe
    • Język angielski
    • x
    • Określnik rzeczowy
    • wymowa
    • v
    • Określnik formalny
    • słowniki.
    • 2
    • Źródło terminu
    • kaba
    • 9
    • KHW
    • 431214
700 -Hasło dodatkowe - nazwa osobowa [1, ]
    • a
    • Nazwa osobowa (NP)
    • Gimson, Alfred Charles Find
    • d
    • Daty biograficzne (NP)
    • (1917-1985).
    • e
    • Określenie rodzaju współpracy
    • Red.
    • 9
    • KHW
    • 11449
700 -Hasło dodatkowe - nazwa osobowa [1, ]
    • a
    • Nazwa osobowa (NP)
    • Ramsaran, Susan. Find
    • 9
    • KHW
    • 473486
710 -Hasło dodatkowe - nazwa ciała zbiorowego [2, ]
    • a
    • Nazwa ciała zbiorowego lub nazwa geograficzna jako pierwszy element (NP)
    • J. M. Dent & Sons.
    • 4
    • Kod relacji
    • pbl
    • 9
    • KHW
    • 440758
920 -ISBN [ , ]
    • a
    • ISBN
    • 0-460-03036-1 Find
Status udost. Numer inwentarzowy Lokalizacja Sygnatura
-3A.868BM 
1A.869BMANG. Fonetyka - słowniki 04